000 00796nam a2200229Ii 4500
003 JO-AjNU
008 230605s9999||||xx |||||||||||||| ||und||
017 _a2008/7/2507
020 _a978-9957-11-769-6
040 _aJO-AjNU
_bara
_erda
_cJO-AjNU
041 _aara
050 1 4 _aLB1043.2.E3.A2238 2009
100 3 _aعبود،حارث مؤلف/حمدي،نرجس مقدم,
_eauthor
_931392
245 0 0 _aالإتصال التربوي
250 _aط1
264 3 1 _aعمان:دار وائل،2008
300 _a292ص
336 _atext
_btxt
_2rdacontent
337 _aunmediated
_bn
_2rdamedia
338 _avolume
_bnc
_2rdacarrier
650 4 _a الإتصال. الاتصال في التعليم-التخطيط التربوي. الاعلام-التربية والتعليم.
_931393
999 _aA12552
_c16120
_d16120